000
00285nam a22001337a 4500
008
170715b xxu||||| |||| 00| 0 eng d
020
_a
2900030328199
041
_a
eng
080
_2
4TH
_a
572
100
_a
24
101
_a
ANT
245
_a
YANOMAMO
_c
CHAGNON, N.A
942
_2
udc
_c
BK
999
_c
21058
_d
21058